000 00871nam a2200265 i 4500
001 bg
100 1 _aSTEC, Mirosław
_d(1951- )
245 1 0 _aUmowa przewozu w transporcie towarowym.
260 _aKraków :
_b"Zakamycze",
_c2005.
300 _a335 s. ;
_c22 cm.
490 1 _aBiblioteka Prawa Handlowego
500 _aTyt. grzbiet.: Umowa przewozu..
504 _aBibliogr. s. 327-335.
650 9 _aTransport
_xprawo
_zPolska
_ystan na 2004 r.
650 9 _aUmowa
_xtransport
_zPolska
_ystan na 2004 r.
830 _aBiblioteka Prawa Handlowego
020 _a8374441313
040 _cBPK
041 0 _apol
080 _a347.45/.46:346.7:656](438)
920 _a83-7444-131-3
942 _cKS
008 s pl f |000 0 pol
999 _c45625
_d45625
856 _uhttp://koha.tu.koszalin.pl/cgi-bin/koha/opac-detail.pl?biblionumber=45625
_yKatalog online BPK